[Event "Winnipeg op"]
[Site "Winnipeg CAN"]
[Date "2018.07.03"]
[Round "5"]
[White "Babb, Jeff"]
[Black "Ma, Derek"]
[Result "0-1"]
[WhiteElo "2219"]
[BlackElo "1961"]
[PlyCount "112"]
[EventDate "2018.06.05"]
[EventType "swiss"]
[EventRounds "8"]
[EventCountry "CAN"]

1. f4 c5 2. Nf3 Nc6 3. e3 Nf6 4. b3 g6 5. Bb2 Bg7 6. Be2 O-O 7. O-O a6 8. Ne5
Nxe5 9. fxe5 Ne8 10. d4 cxd4 11. exd4 d6 12. exd6 Nxd6 13. Bf3 Nf5 14. c3 Ne3
15. Qe2 Nxf1 16. Qxf1 Qc7 17. Nd2 Bd7 18. Rc1 Bc6 19. d5 Rad8 20. Qf2 Bxd5 21.
Bxd5 Rxd5 22. Nf3 Rfd8 23. g3 Rd1+ 24. Rxd1 Rxd1+ 25. Kg2 Qc6 26. Qe2 Rd7 27.
c4 Bxb2 28. Qxb2 Qe4 29. Kf2 Rd3 30. Qe2 Qxe2+ 31. Kxe2 Rd6 32. Nd2 f5 33. b4
e5 34. c5 Rd5 35. a3 Rxd2+ 36. Kxd2 Kf7 37. a4 Ke6 38. b5 axb5 39. axb5 Kd5 40.
c6 Kd6 41. cxb7 Kc7 42. Kd3 Kxb7 43. Kc4 Kb6 44. Kd5 e4 45. Kd4 Kxb5 46. g4 Kb4
47. h3 h5 48. gxf5 gxf5 49. h4 Kb5 50. Ke3 Kc5 51. Kf4 Kd5 52. Kxf5 e3 53. Kg5
e2 54. Kxh5 e1=Q 55. Kg5 Qg3+ 56. Kh5 Ke5 0-1

[Event "Winnipeg op"]
[Site "Winnipeg CAN"]
[Date "2018.07.03"]
[Round "5"]
[White "Baron, Gustav"]
[Black "Piche, Zachary"]
[Result "1-0"]
[WhiteElo "2250"]
[BlackElo "1430"]
[PlyCount "93"]
[EventDate "2018.06.05"]
[EventType "swiss"]
[EventRounds "8"]
[EventCountry "CAN"]

1. g4 c6 2. Bg2 d5 3. h3 e5 4. d3 Bd6 5. Nd2 Be6 6. e4 d4 7. Ne2 Ne7 8. f4 exf4
9. Nxd4 O-O 10. N2f3 Ng6 11. O-O Ne5 12. Nxe5 Bxe5 13. Nf3 Bc7 14. e5 Bxe5 15.
Nxe5 Qd4+ 16. Kh1 Qxe5 17. d4 Qc7 18. Bxf4 Qb6 19. b3 Bd5 20. Bxd5 cxd5 21. Qf3
Nc6 22. c3 Rae8 23. Qxd5 Rd8 24. Qf3 f5 25. d5 fxg4 26. hxg4 Ne5 27. Qe2 Ng6
28. Bg5 Rxd5 29. Rxf8+ Nxf8 30. Qc4 Qc6 31. Qxc6 bxc6 32. Be3 Rd3 33. Bd4 a6
34. Re1 Rg3 35. Re4 Nd7 36. Kh2 Rd3 37. Re7 Nf6 38. g5 Nh5 39. a4 c5 40. Bxc5
Rxc3 41. b4 Rb3 42. Re5 g6 43. Re8+ Kg7 44. Ra8 Rb2+ 45. Kh3 Nf4+ 46. Kg4 Nh5
47. Bd4+ 1-0

[Event "Winnipeg op"]
[Site "Winnipeg CAN"]
[Date "2018.07.03"]
[Round "5"]
[White "Beach, Brock"]
[Black "Marshall, Carter"]
[Result "1-0"]
[WhiteElo "2006"]
[BlackElo "1561"]
[PlyCount "61"]
[EventDate "2018.06.05"]
[EventType "swiss"]
[EventRounds "8"]
[EventCountry "CAN"]

1. d4 Nf6 2. c4 c5 3. d5 b5 4. cxb5 a6 5. bxa6 Nxa6 6. Nc3 Nb4 7. e4 d6 8. Nf3
g6 9. Bb5+ Bd7 10. Bxd7+ Qxd7 11. O-O Bg7 12. Bg5 O-O 13. a3 Na6 14. Re1 Rfb8
15. Rb1 Qa7 16. e5 Ng4 17. Bf4 c4 18. Qe2 Nc5 19. Qxc4 Nxf2 20. Be3 Nfd3 21.
Qxd3 Nxd3 22. Bxa7 Nxe1 23. Bxb8 Nxf3+ 24. gxf3 Rxb8 25. Ne2 Rb3 26. Nd4 Rd3
27. Nc6 Kf8 28. b4 Ke8 29. b5 dxe5 30. b6 e4 31. b7 1-0

[Event "Winnipeg op"]
[Site "Winnipeg CAN"]
[Date "2018.07.03"]
[Round "5"]
[White "Einarsson, Ken"]
[Black "Boron, Anthony"]
[Result "0-1"]
[WhiteElo "1849"]
[BlackElo "2028"]
[PlyCount "62"]
[EventDate "2018.06.05"]
[EventType "swiss"]
[EventRounds "8"]
[EventCountry "CAN"]

1. d4 Nf6 2. c4 c5 3. d5 b5 4. b3 bxc4 5. bxc4 d6 6. Nf3 g6 7. Nc3 Bg7 8. Bd2
O-O 9. e3 Bf5 10. Rc1 Na6 11. a3 Nc7 12. Ng5 h6 13. e4 Bd7 14. Nf3 Rb8 15. Rb1
Ng4 16. h3 Ne5 17. Nxe5 Bxe5 18. Bd3 Bg7 19. Qc1 Kh7 20. O-O Qc8 21. Rxb8 Qxb8
22. h4 h5 23. Bg5 Re8 24. Ne2 Qb3 25. Rd1 Bg4 26. f3 Bd7 27. Bb1 Bb2 28. Rd3
Qxd3 29. Qxb2 Qxc4 30. Bxe7 Rxe7 31. Qf6 Nxd5 0-1

[Event "Winnipeg op"]
[Site "Winnipeg CAN"]
[Date "2018.07.03"]
[Round "5"]
[White "Flynn, Darren"]
[Black "Gannon, Keith"]
[Result "1-0"]
[WhiteElo "1357"]
[BlackElo "1544"]
[PlyCount "129"]
[EventDate "2018.06.05"]
[EventType "swiss"]
[EventRounds "8"]
[EventCountry "CAN"]

1. e4 c5 2. Nf3 d6 3. Bb5+ Bd7 4. Nc3 Bxb5 5. Nxb5 Nc6 6. O-O Nf6 7. d3 g6 8.
Nc3 Bg7 9. Bg5 Ne5 10. Nxe5 dxe5 11. Qd2 O-O 12. Bh6 Bxh6 13. Qxh6 e6 14. Qg5
Nd7 15. Qxd8 Raxd8 16. a3 a6 17. b4 cxb4 18. axb4 Rc8 19. Ra3 f5 20. Rc1 Nf6
21. f3 Rf7 22. Na4 Nd7 23. c4 g5 24. h3 h5 25. c5 Rc6 26. Rac3 Kg7 27. Kf2 g4
28. hxg4 hxg4 29. Rc4 gxf3 30. gxf3 f4 31. Nb2 Kf6 32. R4c2 Rh7 33. Nc4 b6 34.
Nxb6 Nxb6 35. cxb6 Rh2+ 36. Ke1 Rh1+ 37. Kd2 Rxc1 38. Rxc1 Rxb6 39. Kc3 Rc6+
40. Kb2 Rxc1 41. Kxc1 Ke7 42. Kb2 Kd6 43. Ka3 Kc6 44. Ka4 Kb6 45. Kb3 Kb5 46.
Ka3 a5 47. bxa5 Kxa5 48. Kb3 Kb5 49. Kc3 Kc5 50. Kc2 Kd4 51. Kd2 Kc5 52. Kc3
Kb5 53. d4 exd4+ 54. Kxd4 Kc6 55. Ke5 Kd7 56. Kxf4 Kd6 57. Ke3 Ke5 58. f4+ Kf6
59. e5+ Kf5 60. Kf3 Kg6 61. Kg4 Kh6 62. f5 exf5+ 63. Kxf5 Kg7 64. Ke6 Kf8 65.
Kd7 1-0

[Event "Winnipeg op"]
[Site "Winnipeg CAN"]
[Date "2018.07.03"]
[Round "5"]
[White "He, Michael"]
[Black "Proulx, Roy"]
[Result "1-0"]
[WhiteElo "1371"]
[BlackElo "1699"]
[PlyCount "93"]
[EventDate "2018.06.05"]
[EventType "swiss"]
[EventRounds "8"]
[EventCountry "CAN"]

1. c4 e6 2. Nc3 d5 3. e4 d4 4. Nce2 e5 5. g3 c5 6. d3 Be7 7. f4 Nc6 8. Nf3 Qd6
9. fxe5 Nxe5 10. Nxe5 Qxe5 11. Bf4 Qf6 12. Qa4+ Bd7 13. Qb3 Bc6 14. h4 h5 15.
Bh3 Nh6 16. O-O-O Ng4 17. Rdf1 Qg6 18. Ng1 O-O 19. Nf3 f5 20. Bxg4 fxg4 21. Ne5
Qe6 22. Nxc6 Qxc6 23. Kd2 a6 24. a4 Bd8 25. Rb1 Ba5+ 26. Ke2 Bb4 27. Qc2 a5 28.
b3 Rf7 29. Rbf1 Raf8 30. Qc1 Qb6 31. Kd1 Bc3 32. Kc2 Qb4 33. Rh2 Qb6 34. Re2
Qc6 35. Rff2 Qd7 36. Qf1 Qd8 37. e5 Qb6 38. e6 Rf6 39. e7 Re8 40. Bg5 Rxf2 41.
Qxf2 Qc6 42. Qf5 b6 43. Rf2 Be1 44. Qf7+ Kh7 45. Rf6 Qg2+ 46. Kb1 Qe2 47. Rh6#
1-0

[Event "Winnipeg op"]
[Site "Winnipeg CAN"]
[Date "2018.07.03"]
[Round "5"]
[White "Klokow, John"]
[Black "Piche, Jeremie"]
[Result "0-1"]
[WhiteElo "1767"]
[BlackElo "1591"]
[PlyCount "62"]
[EventDate "2018.06.05"]
[EventType "swiss"]
[EventRounds "8"]
[EventCountry "CAN"]

1. e4 c5 2. Nf3 d6 3. d4 cxd4 4. Nxd4 Nf6 5. Nc3 a6 6. Be2 e5 7. Nb3 Be7 8. Be3
Be6 9. f3 O-O 10. Qd2 b5 11. a3 Nbd7 12. g4 Nb6 13. g5 Nh5 14. Na5 Rc8 15. Nd5
Nxd5 16. exd5 Bxd5 17. Qxd5 Qxa5+ 18. c3 Qd8 19. Rg1 Nf4 20. Bxf4 exf4 21. h4
Rc5 22. Qd4 Re5 23. Rg2 Re8 24. O-O-O Bf8 25. Bd3 g6 26. Qxf4 d5 27. Rgd2 Bc5
28. Be4 Qb6 29. Re2 dxe4 30. Rd7 Qe6 31. Red2 e3 0-1

[Event "Winnipeg op"]
[Site "Winnipeg CAN"]
[Date "2018.07.03"]
[Round "5"]
[White "Letain, Cory"]
[Black "Gregoryanz, Philipp"]
[Result "1-0"]
[WhiteElo "1733"]
[BlackElo "1409"]
[PlyCount "135"]
[EventDate "2018.06.05"]
[EventType "swiss"]
[EventRounds "8"]
[EventCountry "CAN"]

1. e4 e5 2. Nf3 Nc6 3. Bb5 Nd4 4. Nxd4 exd4 5. O-O Bc5 6. d3 Nf6 7. Bg5 c6 8.
Bc4 d6 9. f4 h6 10. Bxf6 Qxf6 11. e5 Qd8 12. exd6 O-O 13. Nd2 Bxd6 14. Ne4 Bf5
15. Nxd6 Qxd6 16. Qh5 Bg6 17. Qg4 h5 18. Qg5 Qf6 19. Qxf6 gxf6 20. f5 Bh7 21.
Rf3 a5 22. a4 Rab8 23. Re1 b5 24. axb5 cxb5 25. Ba2 Rbc8 26. Rf2 Rc5 27. Re4
Bxf5 28. Rxd4 Bg6 29. Rxf6 Kg7 30. Rf2 Rfc8 31. c3 Rf8 32. Rd7 b4 33. d4 Rcc8
34. c4 a4 35. b3 axb3 36. Bxb3 Rfd8 37. Rxd8 Rxd8 38. Rd2 Kf8 39. d5 Ke7 40. c5
Rc8 41. Re2+ Kd7 42. Ba4+ Kc7 43. d6+ Kb8 44. d7 Rd8 45. Re8 Kc7 46. Kf2 b3 47.
Rxd8 Kxd8 48. Bxb3 Kxd7 49. Ke3 Kc6 50. Kd4 Bf5 51. Bxf7 h4 52. g3 hxg3 53.
hxg3 Bg4 54. Be8+ Kc7 55. Ke5 Kd8 56. Kf4 Bc8 57. Bb5 Ke7 58. g4 Kf6 59. g5+
Kg6 60. Bd3+ Kg7 61. Bf5 Bb7 62. Bd7 Kg6 63. c6 Bxc6 64. Bxc6 Kf7 65. Kf5 Kg7
66. g6 Kh8 67. Kf6 Kg8 68. Bd5+ 1-0

[Event "Winnipeg op"]
[Site "Winnipeg CAN"]
[Date "2018.07.03"]
[Round "5"]
[White "Remillard, John"]
[Black "Marshall, Ken"]
[Result "1-0"]
[WhiteElo "1605"]
[BlackElo "1500"]
[PlyCount "61"]
[EventDate "2018.06.05"]
[EventType "swiss"]
[EventRounds "8"]
[EventCountry "CAN"]

1. g3 d5 2. Bg2 Nf6 3. f4 Bf5 4. d3 Nc6 5. Nf3 h6 6. O-O e6 7. c3 Bc5+ 8. e3
O-O 9. b4 Bb6 10. a4 a5 11. b5 Ne7 12. Nd4 Bg4 13. Bf3 Bxf3 14. Qxf3 c5 15.
bxc6 bxc6 16. Ba3 Qd7 17. g4 c5 18. Nb5 Rfd8 19. g5 Nh7 20. gxh6 g6 21. Ra2 d4
22. cxd4 cxd4 23. e4 Rac8 24. Nd2 Bc5 25. Nc4 Bxa3 26. Rxa3 Rc6 27. Ne5 Qb7 28.
Nxc6 Nxc6 29. f5 Ne5 30. Qg3 f6 31. fxg6 1-0

[Event "Winnipeg op"]
[Site "Winnipeg CAN"]
[Date "2018.07.10"]
[Round "6"]
[White "Boron, Anthony"]
[Black "Baron, Gustav"]
[Result "0-1"]
[WhiteElo "2028"]
[BlackElo "2250"]
[PlyCount "44"]
[EventDate "2018.06.05"]
[EventType "swiss"]
[EventRounds "8"]
[EventCountry "CAN"]

1. d4 Nf6 2. Nf3 d5 3. e3 Bg4 4. c3 Nbd7 5. Nbd2 e5 6. dxe5 Nxe5 7. Be2 Bxf3 8.
Nxf3 Bd6 9. Qb3 Qc8 10. Bd2 O-O 11. Nxe5 Bxe5 12. Bf3 c6 13. O-O Re8 14. Rab1
Qc7 15. h3 h5 16. c4 g5 17. Bc3 g4 18. Bxe5 Qxe5 19. hxg4 hxg4 20. Bd1 Kg7 21.
cxd5 Rh8 22. g3 Qh5 0-1

[Event "Winnipeg op"]
[Site "Winnipeg CAN"]
[Date "2018.07.10"]
[Round "6"]
[White "Furda, Ievgeniia-Diana"]
[Black "Letain, Cory"]
[Result "1-0"]
[WhiteElo "1520"]
[BlackElo "1733"]
[PlyCount "119"]
[EventDate "2018.06.05"]
[EventType "swiss"]
[EventRounds "8"]
[EventCountry "CAN"]

1. e4 e5 2. Nf3 Nf6 3. Nxe5 d6 4. Nf3 Nxe4 5. d3 Nf6 6. Bg5 Be7 7. Nc3 O-O 8.
Qd2 Nc6 9. O-O-O Be6 10. h4 d5 11. d4 a6 12. h5 Ng4 13. h6 Bxg5 14. Nxg5 g6 15.
Nxe6 fxe6 16. f3 Nf6 17. Be2 b5 18. g4 b4 19. Na4 Nd7 20. f4 Qe7 21. Rdf1 Rae8
22. Bxa6 Ra8 23. Bb5 Na5 24. b3 Nf6 25. Be2 Ne4 26. Qe3 Nc3 27. Nxc3 bxc3 28.
Qxc3 Qa3+ 29. Qb2 Qd6 30. f5 exf5 31. gxf5 Rxf5 32. Rxf5 gxf5 33. Qc3 Qf4+ 34.
Kb2 Qd6 35. Bd3 Nb7 36. a4 Rf8 37. Qd2 Qf6 38. Qf4 Nc5 39. Qg3+ Kh8 40. Qe5
Nxd3+ 41. cxd3 Qxe5 42. dxe5 d4 43. Rh4 c5 44. Ka3 Re8 45. Rf4 Rxe5 46. a5 Kg8
47. a6 Re6 48. Rxf5 Rxa6+ 49. Kb2 Rxh6 50. Rxc5 Rd6 51. b4 Kf7 52. Kb3 Ke6 53.
Kc4 Kf6 54. Rd5 Rxd5 55. Kxd5 h5 56. Kxd4 h4 57. Ke3 Ke6 58. Kf3 Kd6 59. Kg4
Kc6 60. d4 1-0

[Event "Winnipeg op"]
[Site "Winnipeg CAN"]
[Date "2018.07.10"]
[Round "6"]
[White "Gregoryanz, Philipp"]
[Black "Magyar, Peter"]
[Result "0-1"]
[WhiteElo "1409"]
[BlackElo "1487"]
[PlyCount "88"]
[EventDate "2018.06.05"]
[EventType "swiss"]
[EventRounds "8"]
[EventCountry "CAN"]

1. e4 e6 2. d4 d5 3. Nc3 c5 4. Nf3 Nc6 5. exd5 exd5 6. Bb5 Nf6 7. Ne5 Bd7 8.
Bxc6 bxc6 9. Bg5 Be7 10. Qf3 O-O 11. dxc5 d4 12. Ne2 Qa5+ 13. Bd2 Qxc5 14. Nxd7
Qxc2 15. Nxf8 Kxf8 16. Nxd4 Qxb2 17. Bc3 Bb4 18. Ne2 Qxa1+ 19. Kd2 Rd8+ 20. Kc2
Qxh1 21. Bxb4+ Kg8 22. Ng3 Qxh2 23. Be7 Rd5 24. Bxf6 gxf6 25. Qg4+ Rg5 26. Qc8+
Kg7 27. Qxc6 Qh4 28. Qc8 Qd4 29. Nf5+ Rxf5 30. Qxf5 Qc4+ 31. Kb1 Qf1+ 32. Kb2
Qxg2 33. a4 Qb7+ 34. Ka3 Qe7+ 35. Kb3 Qe6+ 36. Qxe6 fxe6 37. Kb4 h5 38. Kb5 h4
39. Ka6 h3 40. Kxa7 h2 41. a5 h1=Q 42. a6 Qc6 43. f4 f5 44. Kb8 Qxa6 0-1

[Event "Winnipeg op"]
[Site "Winnipeg CAN"]
[Date "2018.07.10"]
[Round "6"]
[White "Lei, Yanyu"]
[Black "Trueman, Francis"]
[Result "1-0"]
[WhiteElo "1337"]
[BlackElo "1410"]
[PlyCount "51"]
[EventDate "2018.06.05"]
[EventType "swiss"]
[EventRounds "8"]
[EventCountry "CAN"]

1. d4 Nf6 2. c4 d6 3. Nc3 g6 4. Bg5 Bg7 5. e4 O-O 6. Bd3 h5 7. Nge2 Nbd7 8. Qd2
e5 9. d5 Nc5 10. Bc2 a5 11. O-O-O Bd7 12. f3 Qe8 13. Rdg1 Rb8 14. Bxf6 Bxf6 15.
h4 Qd8 16. g4 hxg4 17. Kb1 Bxh4 18. Qh6 g5 19. Ng3 f6 20. Rxh4 gxh4 21. Qg6+
Kh8 22. Rh1 h3 23. fxg4 Bxg4 24. Qxg4 Rf7 25. Qxh3+ Kg8 26. Qh8# 1-0

[Event "Winnipeg op"]
[Site "Winnipeg CAN"]
[Date "2018.07.10"]
[Round "6"]
[White "Marshall, Ken"]
[Black "Gannon, Keith"]
[Result "0-1"]
[WhiteElo "1500"]
[BlackElo "1544"]
[PlyCount "99"]
[EventDate "2018.06.05"]
[EventType "swiss"]
[EventRounds "8"]
[EventCountry "CAN"]

1. e4 e5 2. Nf3 d6 3. d4 exd4 4. Nxd4 Nf6 5. Nc3 Be7 6. Bc4 O-O 7. O-O a6 8.
Re1 Nbd7 9. Nf5 Ne5 10. Nxe7+ Qxe7 11. Nd5 Nxd5 12. exd5 Qh4 13. Be2 Ng4 14.
Bxg4 Qxg4 15. Qxg4 Bxg4 16. f3 Bf5 17. c4 b5 18. b3 bxc4 19. bxc4 Bd3 20. Ba3
Bxc4 21. Rec1 Bxd5 22. Rxc7 Rfd8 23. Rd1 Bxa2 24. Bxd6 h6 25. Rd2 Be6 26. Rcc2
a5 27. Ba3 Rxd2 28. Rxd2 a4 29. Kf2 Bb3 30. Ke3 Re8+ 31. Kd3 Rd8+ 32. Kc3 Rxd2
33. Kxd2 f6 34. g3 Kf7 35. Kd3 g5 36. Ke4 Ke6 37. f4 Bc2+ 38. Ke3 Kf5 39. h3
gxf4+ 40. gxf4 h5 41. Bb2 Bd1 42. Kf2 Kxf4 43. Bxf6 a3 44. Bg7 a2 45. Bh8 Bb3
46. Bc3 Ke4 47. Ke2 Be6 48. h4 Kf4 49. Kd3 Kg4 50. Be1 0-1

[Event "Winnipeg op"]
[Site "Winnipeg CAN"]
[Date "2018.07.10"]
[Round "6"]
[White "Piche, Jeremie"]
[Black "Babb, Jeff"]
[Result "0-1"]
[WhiteElo "2219"]
[BlackElo "1591"]
[PlyCount "96"]
[EventDate "2018.06.05"]
[EventType "swiss"]
[EventRounds "8"]
[EventCountry "CAN"]

1. e4 e5 2. Nf3 Nc6 3. Bb5 a6 4. Bxc6 dxc6 5. O-O Bd6 6. d4 exd4 7. Qxd4 f6 8.
Re1 Be6 9. Nbd2 Ne7 10. Nc4 Bxh2+ 11. Kxh2 Qxd4 12. Nxd4 Bxc4 13. b3 Bf7 14.
Ba3 O-O-O 15. Rad1 Ng6 16. Nf5 Rxd1 17. Rxd1 Rg8 18. f3 Be6 19. Ne7+ Nxe7 20.
Bxe7 b6 21. Bb4 a5 22. Be1 a4 23. Kg3 Kb7 24. Bc3 Ra8 25. Ra1 c5 26. e5 f5 27.
f4 Kc6 28. Kf2 Kb5 29. Ke3 Re8 30. Rd1 Bc8 31. g3 Be6 32. Be1 Ra8 33. c4+ Kc6
34. Rd3 axb3 35. axb3 Ra3 36. Kd2 b5 37. cxb5+ Kxb5 38. Kc2 Ra2+ 39. Kc3 Re2
40. Bd2 Rg2 41. Be1 Bxb3 42. Kxb3 c4+ 43. Kc3 cxd3 44. Kxd3 Kc6 45. Ke3 Kd5 46.
Kf3 Rb2 47. g4 Rb3+ 48. Kg2 fxg4 0-1

[Event "Winnipeg op"]
[Site "Winnipeg CAN"]
[Date "2018.07.10"]
[Round "6"]
[White "Piche, Zachary"]
[Black "Rutter, Blair"]
[Result "0-1"]
[WhiteElo "1430"]
[BlackElo "1987"]
[PlyCount "52"]
[EventDate "2018.06.05"]
[EventType "swiss"]
[EventRounds "8"]
[EventCountry "CAN"]

1. Nf3 d5 2. c4 Nf6 3. cxd5 Nxd5 4. e4 Nb6 5. d4 e6 6. Nc3 Be7 7. Be3 c6 8. Bc4
Nxc4 9. Bc1 Nd7 10. O-O Ncb6 11. Be3 Nf6 12. Qd3 O-O 13. Ne5 Qc7 14. f4 Bd7 15.
g4 Rad8 16. g5 Ne8 17. f5 f6 18. gxf6 Nxf6 19. Bf4 Qc8 20. Qh3 exf5 21. exf5
Bxf5 22. Qe3 Nfd5 23. Nxd5 Nxd5 24. Qg3 Nxf4 25. Rxf4 c5 26. dxc5 Qxc5+ 0-1

[Event "Winnipeg op"]
[Site "Winnipeg CAN"]
[Date "2018.07.10"]
[Round "6"]
[White "Prince, Colin"]
[Black "Remillard, John"]
[Result "1-0"]
[WhiteElo "1520"]
[BlackElo "1733"]
[PlyCount "67"]
[EventDate "2018.06.05"]
[EventType "swiss"]
[EventRounds "8"]
[EventCountry "CAN"]

1. e4 e6 2. d4 c5 3. Nf3 cxd4 4. Nxd4 Bc5 5. Be3 Qb6 6. b3 Nc6 7. c3 Nge7 8.
Nc2 d5 9. Nd2 O-O 10. Bd3 d4 11. cxd4 Nxd4 12. Nc4 Nxc2+ 13. Qxc2 Bb4+ 14. Ke2
Qc7 15. a4 Bd7 16. Rac1 Nc6 17. Qb2 Qd8 18. h4 Be7 19. h5 Bf6 20. e5 Be7 21.
Qc2 Nb4 22. Bxh7+ Kh8 23. Qb1 b5 24. Nd6 bxa4 25. bxa4 Nd5 26. Bg6 Bxd6 27.
exd6 Rb8 28. Qa1 fxg6 29. hxg6+ Kg8 30. Rh8+ Kxh8 31. Rh1+ Kg8 32. Rh8+ Kxh8
33. Qh1+ Kg8 34. Qh7# 1-0

[Event "Winnipeg op"]
[Site "Winnipeg CAN"]
[Date "2018.07.10"]
[Round "6"]
[White "Proulx, Roy"]
[Black "Flynn, Darren"]
[Result "1-0"]
[WhiteElo "1699"]
[BlackElo "1357"]
[PlyCount "27"]
[EventDate "2018.06.05"]
[EventType "swiss"]
[EventRounds "8"]
[EventCountry "CAN"]

1. e4 e5 2. Nf3 Nc6 3. Bc4 Bc5 4. b4 Bxb4 5. c3 Ba5 6. O-O Nf6 7. Ng5 d5 8.
exd5 Nxd5 9. d4 O-O 10. dxe5 Nxc3 11. Qh5 h6 12. Nxf7 Qe7 13. Nxh6+ Kh8 14.
Nf5# 1-0

[Event "Winnipeg op"]
[Site "Winnipeg CAN"]
[Date "2018.07.17"]
[Round "7"]
[White "Baron, Gustav"]
[Black "Wolchock, Theo"]
[Result "1/2-1/2"]
[WhiteElo "2250"]
[BlackElo "2021"]
[PlyCount "34"]
[EventDate "2018.06.05"]
[EventType "swiss"]
[EventRounds "8"]
[EventCountry "CAN"]

1. c4 Nf6 2. Nc3 c5 3. g3 Nc6 4. Bg2 e6 5. d3 Be7 6. Nf3 O-O 7. O-O d5 8. cxd5
exd5 9. Bg5 h6 10. Bd2 Be6 11. Rc1 Rc8 12. b3 Qd7 13. Re1 Rfe8 14. Bf4 Nh5 15.
Bd2 Nf6 16. Bf4 Nh5 17. Bd2 Nf6 1/2-1/2

[Event "Winnipeg op"]
[Site "Winnipeg CAN"]
[Date "2018.07.17"]
[Round "7"]
[White "Flynn, Darren"]
[Black "Magyar, Peter"]
[Result "1-0"]
[WhiteElo "1357"]
[BlackElo "1487"]
[PlyCount "79"]
[EventDate "2018.06.05"]
[EventType "swiss"]
[EventRounds "8"]
[EventCountry "CAN"]

1. e4 e6 2. b3 d5 3. d3 c5 4. Nd2 Nc6 5. Ngf3 Bd6 6. Bb2 d4 7. Be2 Nf6 8. O-O
O-O 9. Nc4 Bc7 10. Ba3 b6 11. Bc1 b5 12. Nb2 Qd6 13. h3 h6 14. a4 Ne5 15. g3
Nh5 16. Nxe5 Qxe5 17. Bxh5 b4 18. Bf4 Qf6 19. Bxc7 e5 20. Nc4 Bxh3 21. Bxe5 Qg5
22. Bf4 Qd8 23. Re1 Be6 24. Bd6 Re8 25. Bxc5 Qd7 26. Qf3 g6 27. Ne5 Qc7 28.
Bxd4 gxh5 29. Qxh5 Kh7 30. Kg2 Rg8 31. Rh1 Rxg3+ 32. fxg3 Qxc2+ 33. Kf3 Bg4+
34. Nxg4 Qxd3+ 35. Be3 Qd6 36. Nxh6 Qg6 37. Qxg6+ fxg6 38. Ng4+ Kg7 39. Rad1
Rf8+ 40. Bf4 1-0

[Event "Winnipeg op"]
[Site "Winnipeg CAN"]
[Date "2018.07.17"]
[Round "7"]
[White "Gannon, Keith"]
[Black "Gregoryanz, Philipp"]
[Result "1/2-1/2"]
[WhiteElo "1544"]
[BlackElo "1409"]
[PlyCount "84"]
[EventDate "2018.06.05"]
[EventType "swiss"]
[EventRounds "8"]
[EventCountry "CAN"]

1. e4 e5 2. Nf3 Nc6 3. d4 exd4 4. Nxd4 Qf6 5. Nxc6 Qxc6 6. Bd3 Bc5 7. O-O Ne7
8. Nc3 O-O 9. Nd5 Re8 10. Bf4 Nxd5 11. exd5 Qf6 12. Bxc7 d6 13. Ba5 Qxb2 14. c4
Qa3 15. Be1 Bd7 16. Qb3 Qa6 17. a4 b6 18. Bb4 Qc8 19. Bxc5 Qxc5 20. Qc2 g6 21.
Rfe1 Rxe1+ 22. Rxe1 Qb4 23. Ra1 Re8 24. Qd1 Bc8 25. Rb1 Qc5 26. Rb5 Qd4 27. h3
Bf5 28. Rb3 Bxd3 29. Qxd3 Re1+ 30. Kh2 Qf4+ 31. Qg3 Qxc4 32. Rd3 Qxa4 33. Qxd6
Qe8 34. Re3 Rxe3 35. fxe3 Qxe3 36. Qb8+ Kg7 37. d6 Qe5+ 38. Kh1 b5 39. Qd8 b4
40. d7 Qe1+ 41. Kh2 Qe5+ 42. Kh1 Qe1+ 1/2-1/2

[Event "Winnipeg op"]
[Site "Winnipeg CAN"]
[Date "2018.07.17"]
[Round "7"]
[White "Leaden, Bruce"]
[Black "Trueman, Francis"]
[Result "0-1"]
[WhiteElo "1564"]
[BlackElo "1410"]
[PlyCount "88"]
[EventDate "2018.06.05"]
[EventType "swiss"]
[EventRounds "8"]
[EventCountry "CAN"]

1. d4 Nf6 2. c4 d6 3. Nf3 g6 4. g3 Bg7 5. Bg2 O-O 6. Nc3 Nbd7 7. Rb1 Re8 8. O-O
e5 9. dxe5 dxe5 10. Ng5 c6 11. b4 h6 12. Nge4 Bf8 13. Nd6 Bxd6 14. Qxd6 h5 15.
Bg5 Qe7 16. Rfd1 Qxd6 17. Rxd6 Nh7 18. Be3 Nb6 19. Bxb6 axb6 20. Rb2 Be6 21. b5
Red8 22. Rbd2 Rxd6 23. Rxd6 Bxc4 24. bxc6 bxc6 25. Rxc6 Bxa2 26. Rxg6+ fxg6 27.
Bxa8 Bc4 28. Bd5+ Bxd5 29. Nxd5 b5 30. h4 Kf7 31. f3 Nf6 32. Nb4 Ke6 33. Kf2
Nd5 34. Nxd5 Kxd5 35. Ke3 Kc4 36. Kd2 b4 37. Kc2 b3+ 38. Kb2 Kd4 39. Kxb3 Ke3
40. Kc4 Kxe2 41. Kd5 Kxf3 42. Kxe5 Kxg3 43. Kf6 Kxh4 44. Kxg6 Kg4 0-1

[Event "Winnipeg op"]
[Site "Winnipeg CAN"]
[Date "2018.07.17"]
[Round "7"]
[White "Letain, Cory"]
[Black "He, Michael"]
[Result "0-1"]
[WhiteElo "1733"]
[BlackElo "1371"]
[PlyCount "64"]
[EventDate "2018.06.05"]
[EventType "swiss"]
[EventRounds "8"]
[EventCountry "CAN"]

1. e4 c5 2. Nf3 e6 3. d4 d5 4. Bg5 f6 5. Be3 dxe4 6. Ng1 cxd4 7. Bb5+ Bd7 8.
Bxd7+ Qxd7 9. Qxd4 Qxd4 10. Bxd4 Nc6 11. Ne2 Nxd4 12. Nxd4 e5 13. Nb5 Rc8 14.
O-O Rxc2 15. N1c3 a6 16. Nc7+ Kd7 17. N7d5 Ne7 18. Rfd1 Nxd5 19. Rxd5+ Ke6 20.
Rd8 f5 21. Rad1 g5 22. h3 Rxb2 23. Na4 Rc2 24. Nb6 Rc6 25. Nc8 Bg7 26. R8d7
Rhxc8 27. Rxg7 Rc1 28. Rxc1 Rxc1+ 29. Kh2 Rf1 30. Rxh7 Rxf2 31. Rxb7 e3 32. Kg1
Rxa2 0-1

[Event "Winnipeg op"]
[Site "Winnipeg CAN"]
[Date "2018.07.17"]
[Round "7"]
[White "Ma, Derek"]
[Black "Boron, Anthony"]
[Result "1-0"]
[WhiteElo "1961"]
[BlackElo "2024"]
[PlyCount "123"]
[EventDate "2018.06.05"]
[EventType "swiss"]
[EventRounds "8"]
[EventCountry "CAN"]

1. e4 e6 2. d4 d5 3. Nd2 dxe4 4. Nxe4 Bd7 5. Nf3 Bc6 6. Bd3 Nd7 7. c3 Ngf6 8.
Qe2 Nxe4 9. Bxe4 Bxe4 10. Qxe4 c6 11. Bg5 Be7 12. Bxe7 Qxe7 13. O-O O-O 14.
Rad1 Rfe8 15. Rd3 Nf6 16. Qe5 Rad8 17. Qa5 a6 18. c4 c5 19. Rfd1 cxd4 20. Nxd4
Rc8 21. b3 Qc5 22. Qxc5 Rxc5 23. a4 h6 24. h3 Kf8 25. Kf1 g6 26. Nc2 b5 27.
axb5 axb5 28. Rf3 Kg7 29. Ne3 bxc4 30. Nxc4 Re7 31. Rd8 Ra7 32. g3 Ra2 33. Kg2
Rc2 34. Nd6 R5c3 35. Rxc3 Rxc3 36. b4 Rb3 37. b5 g5 38. Ra8 Rd3 39. b6 Rxd6 40.
b7 Nd7 41. Rd8 Rb6 42. Rxd7 Rb3 43. Kf1 Kf6 44. Ke2 e5 45. Kd2 Ke6 46. Rc7 f5
47. Rh7 Kd5 48. Rxh6 Rxb7 49. Rg6 Rb2+ 50. Ke1 f4 51. Rxg5 f3 52. Rg8 Re2+ 53.
Kf1 Ra2 54. Rd8+ Ke4 55. Rd1 Kf5 56. Re1 e4 57. h4 Ra4 58. Kg1 Kg4 59. Kh2 Rb4
60. Rc1 e3 61. Rc5 Rb5 62. Rxb5 1-0

[Event "Winnipeg op"]
[Site "Winnipeg CAN"]
[Date "2018.07.17"]
[Round "7"]
[White "Mandusic, Ante"]
[Black "Marshall, Ken"]
[Result "0-1"]
[WhiteElo "1201"]
[BlackElo "1500"]
[PlyCount "88"]
[EventDate "2018.06.05"]
[EventType "swiss"]
[EventRounds "8"]
[EventCountry "CAN"]

1. e4 e5 2. Nc3 Nf6 3. d3 Bc5 4. Be3 Bxe3 5. fxe3 d6 6. d4 Qe7 7. d5 Nbd7 8.
Qd3 Nc5 9. Qd2 Nfxe4 10. Nxe4 Nxe4 11. Qd3 Nc5 12. Qc4 O-O 13. O-O-O a6 14. e4
b5 15. Qb4 Bd7 16. Qe1 Rfc8 17. Bd3 c6 18. Nf3 cxd5 19. exd5 Nxd3+ 20. Rxd3 Bf5
21. Rd2 Rc5 22. Qf2 Rac8 23. Ne1 Be4 24. h4 Bxd5 25. Rh3 Bxa2 26. Qf5 Be6 27.
Qf3 Bxh3 28. Qxh3 Re8 29. Nd3 Rc4 30. g4 Qe6 31. Nf2 e4 32. b3 Rb4 33. Re2 Qe5
34. c3 Rxb3 35. Rc2 Qf4+ 36. Rd2 e3 37. Nd3 Rxc3+ 38. Kd1 Qa4+ 39. Ke2 exd2+
40. Kf2 Qd4+ 41. Kg2 Rxd3 42. Qxd3 Qxd3 43. Kh2 Re2+ 44. Kg1 d1=Q# 0-1